Apuntes de la Crisis Global (Registro nro. 15071)
[ vista simple ]
| 000 -LEADER | |
|---|---|
| fixed length control field | 00343 a2200121 4500 |
| 001 - CONTROL NUMBER | |
| control field | ART_7211 |
| 005 - DATE AND TIME OF LATEST TRANSACTION | |
| control field | 20260410161700.0 |
| 008 - FIXED-LENGTH DATA ELEMENTS--GENERAL INFORMATION | |
| fixed length control field | 260409a |
| 100 1# - MAIN ENTRY--PERSONAL NAME | |
| Personal name | Carrera, Jorge E. |
| 245 10 - TITLE STATEMENT | |
| Title | Apuntes de la Crisis Global |
| 700 1# - ADDED ENTRY--PERSONAL NAME | |
| Personal name | Grillo, Federico |
| 773 0# - HOST ITEM ENTRY | |
| Title | Ensayos Económicos |
| Related parts | - Nº 57/58 (ene./jun. 2010) |
| Record control number | REV620 |
No hay ítems disponibles.